Score 0/24 Timer 04:00
15 Plays Today
% Correct
Smallville
91.9%
The Big Bang Theory
91.2%
Curb Your Enthusiasm
85.1%
30 Rock
83.4%
Star Trek
80.2%
Modern Family
80.2%
How I Met Your Mother
78.4%
Parks and Recreation
78.3%
That '70s Show
75.7%
Arrested Development
75.2%
Game of Thrones
64%
The Walking Dead
59.5%
% Correct
House, M.D.
59%
Twin Peaks
58.9%
Law & Order
53.3%
NCIS
51%
The Simpsons
50.8%
King of the Hill
48.4%
True Blood
43.1%
Archer
42.8%
The West Wing
39.4%
Roseanne
34.6%
Bones
33.8%
Monk
32.5%

You're not logged in!

Compare scores with friends on all Sporcle quizzes.
OR
Log In

Sporcle TV

Today on Sporcle TV


Watch our educational content, quiz creation guides, and fun videos on Sporcle TV.

Show Comments

Extras

Top Quizzes Today


Score Distribution

Paid Content

Your Account Isn't Verified!

In order to create a playlist on Sporcle, you need to verify the email address you used during registration. Go to your Sporcle Settings to finish the process.

Report this User

Report this user for behavior that violates our Community Guidelines.

Details: